Fish story, to be continued (Record no. 1732)

MARC details
000 -LEADER
campo de control de longitud fija 00417nam a2200121 4500
008 - DATOS DE LONGITUD FIJA--INFORMACIÓN GENERAL
campo de control de longitud fija 708 SE463f
082 ## - NÚMERO DE LA CLASIFICACIÓN DECIMAL DEWEY
Número de clasificación 708
Número de ítem SE463f
100 ## - ENTRADA PRINCIPAL--NOMBRE DE PERSONA
Nombre de persona Sekula, Allan
9 (RLIN) 6921
245 ## - MENCIÓN DEL TÍTULO
Título Fish story, to be continued
260 ## - PUBLICACIÓN, DISTRIBUCIÓN, ETC.
Lugar de publicación, distribución, etc. Singapur
Nombre del editor, distribuidor, etc. NTU Center for Contemporary Art Singapore
Fecha de publicación, distribución, etc. 2016
300 ## - DESCRIPCIÓN FÍSICA
Extensión 20 p.
Otras características físicas ill (col)
Dimensiones 20 x 14,5 cm
650 ## - PUNTO DE ACCESO ADICIONAL DE MATERIA--TÉRMINO DE MATERIA
Subdivisión general arte contemporáneo
-- arte - exhibiciones
-- arte - audiovisuales
-- Estados Unidos
-- NTU
9 (RLIN) 6922
Holdings
Estatus retirado Estado de pérdida Fuente del sistema de clasificación o colocación Estado de daño No para préstamo Biblioteca de origen Biblioteca actual Ubicación en estantería Fecha de adquisición Total de préstamos Signatura topográfica completa Código de barras Visto por última vez Precio de reemplazo Tipo de ítem Koha
    Clasificación Decimal Dewey     Biblioteca LadoV Biblioteca LadoV   21/02/2019   708 SE463f 004741 21/02/2019 21/02/2019 Material 01